| 000 | 003780000a22001570004500 | ||
|---|---|---|---|
| 001 | 004110 | ||
| 003 | MACL | ||
| 040 | _aMACL | ||
| 090 |
_c16103 _d16102 |
||
| 100 | _aDixit, J.N. | ||
| 245 |
_aIndia's Foreign Policy _bChallenge Of Terrorism _cJ.N. Dixit |
||
| 260 |
_aGyan Publishing House, _c2002 |
||
| 350 | _a540 | ||
| 650 | _aInternational Relationship | ||
| 942 |
_k327 _cBook |
||
| 999 |
_c16001 _d16001 |
||